Bedside Medicine (Record no. 141)

MARC details
000 -LEADER
Fixed length control field 00506nam a2200193Ia 4500
003 - CONTROL NUMBER IDENTIFIER
Control field IIN
005 - DATE AND TIME OF LATEST TRANSACTION
Control field 20240103120618.0
008 - FIXED-LENGTH DATA ELEMENTS--GENERAL INFORMATION
Fixed length control field 231217s9999 xx 000 0 und d
020 ## - INTERNATIONAL STANDARD BOOK NUMBER / ISBN
Price Rs.150.00
International Standard Book Number 9788181914071
040 ## - CATALOGING SOURCE
Original cataloging agency IIN
Language of cataloging English
082 ## - DEWEY DECIMAL CLASSIFICATION NUMBER
Classification number 616
Book Number MUK
100 1# - MAIN ENTRY--PERSONAL NAME
Personal name Mukhopadhyay, Keshab
245 1# - TITLE STATEMENT
Title Bedside Medicine
Statement of responsibility Keshab Mukhopadhyay
260 ## - IMPRINT
Name of publisher Paras Medical
Place of publication Hyderabad
Date of publication 2014
300 ## - PHYSICAL DESCRIPTION
Page / Vol. No 174 p.
650 1# - SUBJECT ADDED ENTRY--TOPICAL TERM
Topical term Community Health Nursing
650 1# - SUBJECT ADDED ENTRY--TOPICAL TERM
Topical term Medicine, Bedside
942 ## - ADDED ENTRY ELEMENTS (KOHA)
Koha item type Books
Holdings
Withdrawn status Lost status Source of classification Damaged status Not for loan Collection code Home library Current library Date acquired Price Total Checkouts Call number Accession number Date last seen Price effective from Koha item type Shelving location
    Dewey Decimal Classification       IDEAL INSTITUTE OF NURSING IDEAL INSTITUTE OF NURSING 17/12/2023 150.00   616 MUK 136 17/12/2023 17/12/2023 Books  
    Dewey Decimal Classification       IDEAL INSTITUTE OF NURSING IDEAL INSTITUTE OF NURSING 17/12/2023 150.00   616 MUK 137 17/12/2023 17/12/2023 Books  
    Dewey Decimal Classification       IDEAL INSTITUTE OF NURSING IDEAL INSTITUTE OF NURSING 17/12/2023 150.00   616 MUK 138 17/12/2023 17/12/2023 Books  
    Dewey Decimal Classification       IDEAL INSTITUTE OF NURSING IDEAL INSTITUTE OF NURSING 17/12/2023 150.00   616 MUK 139 17/12/2023 17/12/2023 Books  
    Dewey Decimal Classification       IDEAL INSTITUTE OF NURSING IDEAL INSTITUTE OF NURSING 17/12/2023 150.00   616 MUK 140 17/12/2023 17/12/2023 Books  
    Dewey Decimal Classification     Purches Book IDEAL INSTITUTE OF NURSING IDEAL INSTITUTE OF NURSING 11/03/2025     616 MUK 1897 12/04/2025 12/04/2025 Books General Stacks
© Ideal Institute Of Nursing, All rights reserved.         Powered by Koha